Top Five Countries producing Dairy - Statistics

General Stats
  • This quiz has been taken 84 times
  • The average score is 13 of 21
Answer Stats
Answer % Correct
United States
99%
China
97%
India
92%
Brazil
89%
Egypt
83%
France
79%
Germany
74%
Pakistan
71%
Pakistan
71%
Saudi Arabia
71%
Spain
65%
Sudan
64%
Turkey
61%
Ethiopia
51%
Kenya
49%
Bangladesh
44%
Somalia
44%
Mali
42%
Syria
35%
Nepal
33%
Greece
32%
No matching quizzes found
Score Distribution
Percent of People with Each Score
Percentile by Number Answered
Your Score History
You have not taken this quiz